Latent defects - is there a new way forward? (Record no. 74382)
[ view plain ]
| 000 -LEADER | |
|---|---|
| fixed length control field | 01384cab a2200229 4500 |
| 001 - CONTROL NUMBER | |
| control field | ABS67691 |
| 008 - FIXED-LENGTH DATA ELEMENTS--GENERAL INFORMATION | |
| fixed length control field | 040428n2004 000 0 eng u |
| 035 ## - SYSTEM CONTROL NUMBER | |
| System control number | (Sirsi) u126054 |
| 100 ## - MAIN ENTRY--PERSONAL NAME | |
| Personal name | Rabin, A. |
| 245 ## - TITLE STATEMENT | |
| Title | Latent defects - is there a new way forward? |
| 260 ## - PUBLICATION, DISTRIBUTION, ETC. | |
| Date of publication, distribution, etc. | 2004 |
| 490 ## - SERIES STATEMENT | |
| Series statement | Construction Law Journal |
| Volume/sequential designation | 20(3) 2004, 97-104(8) |
| 520 ## - SUMMARY, ETC. | |
| Summary, etc. | Considers an alternative latent defects insurance policy which has recently been introduced. Argues that professional indemnity insurance does not provide a solution for all problems which arise with latent defect issues. The new scheme is called building users' insurance and was recommended by the Latham report "Constructing the team: joint review of procurement and contractual arrangements in the United Kingdom construction industry - final report July 1994" (ISBN 011752994X). A table compares the two sorts of policies. Concludes the new version is more clearly worded, contains the ability to tailor the policy to suit the requirements of a particular project and produces a simpler, less time-consuming and less costly inspection process. |
| 590 ## - LOCAL NOTE (RLIN) | |
| Local note | ABS |
| 590 ## - LOCAL NOTE (RLIN) | |
| Local note | ABS |
| 650 ## - SUBJECT ADDED ENTRY--TOPICAL TERM | |
| Topical term or geographic name entry element | LATENT DEFECTS |
| 650 ## - SUBJECT ADDED ENTRY--TOPICAL TERM | |
| Topical term or geographic name entry element | PROFESSIONAL INDEMNITY INSURANCE |
| 650 ## - SUBJECT ADDED ENTRY--TOPICAL TERM | |
| Topical term or geographic name entry element | BUILDING USERS INSURANCE AGAINST LATENT DEFECTS |
| 650 ## - SUBJECT ADDED ENTRY--TOPICAL TERM | |
| Topical term or geographic name entry element | LATHAM REFORMS |
| 690 ## - LOCAL SUBJECT ADDED ENTRY--TOPICAL TERM (OCLC, RLIN) | |
| Topical term or geographic name as entry element | BUILT ENVIRONMENT-BUILDING PATHOLOGY |
| 942 ## - ADDED ENTRY ELEMENTS (KOHA) | |
| Suppress in OPAC | 0 |
| Withdrawn status | Lost status | Source of classification or shelving scheme | Damaged status | Not for loan | Home library | Current library | Shelving location | Date acquired | Total Checkouts | Full call number | Barcode | Date last seen | Copy number | Price effective from | Koha item type |
|---|---|---|---|---|---|---|---|---|---|---|---|---|---|---|---|
| Dewey Decimal Classification | London | London | Journal article | 28/04/2004 | ABS67691 | 126054-1001 | 06/08/2019 | 1 | 06/08/2019 | Journal article |